[Event "Wasselonne op"]
[Site "Wasselonne"]
[Date "2009.08.09"]
[Round "6"]
[White "Ulrich, Roland"]
[Black "Thiel, Jean Claude"]
[Result "0-1"]
[WhiteElo "1765"]
[BlackElo "2010"]
[PlyCount "130"]
[EventDate "2009.08.06"]
[EventType "swiss"]
[EventRounds "7"]
[EventCountry "FRA"]
[SourceTitle "EXT 2011"]
[Source "ChessBase"]
[SourceDate "2010.11.26"]
[SourceVersion "1"]
[SourceVersionDate "2010.11.26"]
[SourceQuality "1"]

1. d4 e6 2. Nf3 f5 3. d5 Be7 4. dxe6 dxe6 5. Qxd8+ Bxd8 6. Nc3 Bf6 7. Bd2 Bd7 8. 0-0-0 a6 9. e4 Nc6 10. g3 0-0-0 11. Bg2 h6 12. Rhe1 g5 13. h3 Nge7 14. Na4 Kb8 15. Nc5 Bc8 16. e5 Bg7 17. c4 Ng6 18. Bc3 Rxd1+ 19. Kxd1 Rd8+ 20. Kc2 Bf8 21. Nd3 Na7 22. Ng1 Be7 23. Ne2 b5 24. b3 c5 25. f4 Bb7 26. Bf1 Be4 27. Rd1 Nc6 28. a3 Kb7 29. Bb2 Kb6 30. Bc1 Bf3 31. Be3 bxc4 32. bxc4 Na5 33. Rb1+ Kc6 34. Kc3 Rxd3+ 35. Kxd3 Be4+ 36. Kc3 Bxb1 37. Bg2+ Kc7 38. Ng1 gxf4 39. gxf4 Nh4 40. Bf1 Be4 41. Ne2 Kc6 42. Ng3 Bf3 43. Ne2 Ng6 44. Ng1 Bh1 45. Ne2 Bh4 46. Nc1 Be1+ 47. Kb2 Nb7 48. Nd3 Bg3 49. Kc3 Be4 50. Nf2 Bxf2 51. Bxf2 Nxf4 52. Be3 Ng6 53. Bxh6 Nxe5 54. h4 Nd6 55. Bg7 Ng4 56. h5 Nf7 57. Be2 Ngh6 58. Bf6 e5 59. Bh4 f4 60. Bd1 Nf5 61. Bf2 Nd4 62. Kd2 Bf5 63. Ke1 Nd6 64. Bxd4 cxd4 65. Bb3 Kc5 0-1

[Event "Wasselonne op"]
[Site "Wasselonne"]
[Date "2009.08.08"]
[Round "4"]
[White "Ulrich, Roland"]
[Black "Zenner, Gilles"]
[Result "1-0"]
[WhiteElo "1765"]
[BlackElo "1593"]
[PlyCount "105"]
[EventDate "2009.08.06"]
[EventType "swiss"]
[EventRounds "7"]
[EventCountry "FRA"]
[SourceTitle "EXT 2011"]
[Source "ChessBase"]
[SourceDate "2010.11.26"]
[SourceVersion "1"]
[SourceVersionDate "2010.11.26"]
[SourceQuality "1"]

1. d4 Nf6 2. Nf3 c5 3. e3 d5 4. b3 e6 5. Bd3 cxd4 6. exd4 Bb4+ 7. c3 Bd6 8. 0-0 Qc7 9. Re1 Bd7 10. Ne5 Nc6 11. f4 Bc8 12. Bb2 0-0 13. Qf3 Ne7 14. Nd2 a6 15. a4 Rb8 16. Rac1 b5 17. axb5 axb5 18. Qe2 Qb6 19. Kh1 b4 20. c4 Bxe5 21. fxe5 Nd7 22. c5 Qa7 23. Ra1 Qc7 24. Qh5 Ng6 25. Re3 f5 26. Rh3 Kf7 27. Nf3 Rh8 28. Ng5+ Ke7 29. Nxh7 Ndf8 30. Qg5+ Kd7 31. Nxf8+ Rxf8 32. Qxg6 Kc6 33. Rh7 Rf7 34. Ba6 Re7 35. Bxc8 Rxc8 36. Qg3 Qb7 37. Qd3 Ra8 38. Rxa8 Qxa8 39. Qb1 Qa6 40. Rh3 g5 41. Re3 Ra7 42. Re1 Qc8 43. Bc1 g4 44. g3 Qh8 45. Bd2 Rh7 46. Re2 Qb8 47. Be1 Qb5 48. Qa2 Kb7 49. Rf2 Qd3 50. Qd2 Qa6 51. Qxb4+ Kc8 52. Qa5 Rxh2+ 53. Kxh2 1-0